| 000 | 00856nam a2200265 a 4500 | ||
|---|---|---|---|
| 001 | 000025338 | ||
| 003 | DO-SdBNP | ||
| 005 | 20260321073641.0 | ||
| 007 | ta | ||
| 008 | 110215s1992 dr 000 0 spa d | ||
| 040 |
_aDO-SdBNP _bspa _cBNPHU _erda |
||
| 049 | _aBNPD | ||
| 082 | 4 |
_a305.57293 _bB742c, 1992 _222 |
|
| 100 | 1 |
_a Bosch, Juan, _d1909-2001 _eautor _4aut. _976555 |
|
| 245 | 1 | 0 |
_aClases sociales en la República Dominicana / _cJuan Bosch. |
| 250 | _aséptima edición | ||
| 264 |
_aSanto Domingo : _beditora Corripio, _c1992. |
||
| 300 |
_a259 páginas ; _c22 cm. |
||
| 336 |
_atexto _btxt _2rdacontent |
||
| 337 |
_asin mediación _bn _2rdamedia |
||
| 338 |
_avolumen _bnc _2rdacarrier |
||
| 650 | 0 |
_aClases sociales _zRepública Dominicana _91062 |
|
| 651 | 4 |
_aRepública Dominicana _xCondiciones sociales _ySiglo XIX _97415 |
|
| 942 |
_2ddc _cLBS1 |
||
| 999 |
_c24830 _d24830 |
||